000 00938nam a2200253 a 4500
001 000022316
005 20200930011701.0
008 100927s2001 dr 000 0 spa d
020 _a1881715841
040 _aDO-SdBNP
_bspa
_cBNPHU
082 _axxx
_bP438j
100 1 _aPérez Morales, Carlos
_946075
245 1 3 _aLa jeografía ;
_bEugenio María de Hostos maestro de geografía /
_cCarlos Pérez Morales.
260 _aSan Juan, Puerto Rico :
_aSanto Domingo :
_bIsla Negra,
_c2001.
300 _a102 p. ;
_c23 cm.
490 1 _aVisiones y cegueras
500 _aIncluye datos biográficos del autor en la solapa de la cubierta
504 _aBibliografía : p. 79-86
590 _aInventariado, 2019/VM
500 _aIncluye notas al pie de las páginas
563 _aDos obras encuadernadas juntas con paginación continua
740 0 _aEugenio María de Hostos maestro de geografía
830 0 _aVisiones y cegueras
_91120
999 _c21814
_d21814